000
00283nam a2200109Ia 4500
008
230907s9999||||xx |||||||||||||| ||und||
082
_a
668.3
_b
HAN
100
_a
Da Silva, Lucas F. M.
_9
116018
245
0
_a
Handbook of adhesion technology /
300
_a
various pages.
942
_c
BK
999
_c
600807
_d
600807